<?xml version="1.0" encoding="UTF-8"?>
<record
    xmlns:xsi="http://www.w3.org/2001/XMLSchema-instance"
    xsi:schemaLocation="http://www.loc.gov/MARC21/slim http://www.loc.gov/standards/marcxml/schema/MARC21slim.xsd"
    xmlns="http://www.loc.gov/MARC21/slim">

  <leader>02177nam a2200169   4500</leader>
  <controlfield tag="008">707 D261s</controlfield>
  <datafield tag="020" ind1=" " ind2=" ">
    <subfield code="a">9789968899406</subfield>
  </datafield>
  <datafield tag="082" ind1=" " ind2=" ">
    <subfield code="a">707</subfield>
    <subfield code="b">D261s</subfield>
  </datafield>
  <datafield tag="100" ind1=" " ind2=" ">
    <subfield code="a">Davis, Annalee</subfield>
    <subfield code="9">7117</subfield>
  </datafield>
  <datafield tag="245" ind1=" " ind2=" ">
    <subfield code="a">Sobre el estar comprometida con un lugar peque&#xF1;o </subfield>
  </datafield>
  <datafield tag="260" ind1=" " ind2=" ">
    <subfield code="a">San Jos&#xE9;, Costa Rica</subfield>
    <subfield code="b">TEOR/&#xE9;Tica</subfield>
    <subfield code="c">2019</subfield>
  </datafield>
  <datafield tag="300" ind1=" " ind2=" ">
    <subfield code="a">252 p.</subfield>
    <subfield code="b">il. (col)</subfield>
    <subfield code="c">16 x 22 cm </subfield>
  </datafield>
  <datafield tag="440" ind1=" " ind2=" ">
    <subfield code="a">Escrituras Locales. Posiciones cr&#xED;ticas desde Am&#xE9;rica Central, el Caribe y sus di&#xE1;sporas 5</subfield>
    <subfield code="9">7118</subfield>
  </datafield>
  <datafield tag="505" ind1=" " ind2=" ">
    <subfield code="t">Presentaci&#xF3;n</subfield>
    <subfield code="r">TEOR/&#xE9;Tica</subfield>
    <subfield code="t">Una cartografa del cuerpo, de la tierra, de la historia / A cartographer of body, soil and history</subfield>
    <subfield code="r">Miguel A. L&#xF3;pez</subfield>
    <subfield code="t">&#xBF;Qu&#xE9; necesita Barbados para crear un &#xE1;mbito cultural m&#xE1;s din&#xE1;mico? Algunas ideas en respuestas al reciente discurso sobre el presupuesto (2011) / What does Barbados need to create a more dynamic cultural arena? Some thoughts in response to the recent budget speech (2011) </subfield>
    <subfield code="t">Dibujando l&#xED;neas: contrapuntos desde el interior de la plantaci&#xF3;n, estado(s) de emergencia(s) y crisis de pertenencia al hogar (2014) / Drawing lines: counterpoints from inside the plantation, state(s) of emergence(y), and crisis of belonging at home (2014)</subfield>
    <subfield code="t">&#xBF;Gustos de champagne pero bolsillos con mab&#xED;? Hacia ecosistemas culturales saludables en Barbados (2016) / Champagne tastes and mauby pockets? Toward healthy cultural eco-system in Barbados (2016)</subfield>
    <subfield code="t">El arte como pr&#xE1;ctica feminista caribe&#xF1;a (2017) / Art as Caribbean Feminist Practice (2017)</subfield>
    <subfield code="r">Coescrito por Annalee Davis, Joscelyn Gardner, Erica Moiah James y Jerry Philogene</subfield>
    <subfield code="t">Labrando p&#xE1;ramos en una econom&#xED;a postplantaci&#xF3;n. Una conversaci&#xF3;n en suelo caribe&#xF1;o con Annalee Davis (2018) / Tilling rab lands in a post-plantation economy. A conversation with Annalee Davis (2018) </subfield>
    <subfield code="r">Cooking sectors </subfield>
    <subfield code="t">Sobre el estar comprometida con un lugar peque&#xF1;o 13&#xBA;/59&#xBA; / On being committed to a small place 13&#xBA;/59&#xBA; (2018)</subfield>
    <subfield code="t">Contemplando terrenos enmara&#xF1;ados de m&#xFA;ltiples maneras. Una conversaci&#xF3;n con Annalee Davis</subfield>
    <subfield code="r">Miguel A. L&#xF3;pez</subfield>
    <subfield code="t">Cr&#xE9;ditos de los textos </subfield>
    <subfield code="t">Biograf&#xED;as </subfield>
    <subfield code="t">Agradecimientos</subfield>
  </datafield>
  <datafield tag="650" ind1=" " ind2=" ">
    <subfield code="x">Barbados </subfield>
    <subfield code="x">caribe</subfield>
    <subfield code="x">feminismo</subfield>
    <subfield code="x">cr&#xED;tica e interpretaci&#xF3;n</subfield>
    <subfield code="9">7119</subfield>
  </datafield>
  <datafield tag="700" ind1=" " ind2=" ">
    <subfield code="a">L&#xF3;pez, Miguel A. (edici&#xF3;n)</subfield>
    <subfield code="9">7105</subfield>
  </datafield>
  <datafield tag="999" ind1=" " ind2=" ">
    <subfield code="c">1822</subfield>
    <subfield code="d">1822</subfield>
  </datafield>
  <datafield tag="952" ind1=" " ind2=" ">
    <subfield code="0">0</subfield>
    <subfield code="1">0</subfield>
    <subfield code="2">ddc</subfield>
    <subfield code="4">0</subfield>
    <subfield code="7">0</subfield>
    <subfield code="a">LV</subfield>
    <subfield code="b">LV</subfield>
    <subfield code="c">Colecci&#xF3;n Teor&#xE9;tica</subfield>
    <subfield code="d">2019-08-01</subfield>
    <subfield code="l">0</subfield>
    <subfield code="o">707 D261s</subfield>
    <subfield code="p">004814</subfield>
    <subfield code="r">2019-08-01 00:00:00</subfield>
    <subfield code="w">2019-08-01</subfield>
    <subfield code="y">01</subfield>
  </datafield>
  <datafield tag="952" ind1=" " ind2=" ">
    <subfield code="0">0</subfield>
    <subfield code="1">0</subfield>
    <subfield code="2">ddc</subfield>
    <subfield code="4">0</subfield>
    <subfield code="7">0</subfield>
    <subfield code="a">LV</subfield>
    <subfield code="b">LV</subfield>
    <subfield code="c">Colecci&#xF3;n Teor&#xE9;tica</subfield>
    <subfield code="d">2019-08-01</subfield>
    <subfield code="l">0</subfield>
    <subfield code="o">707 D261s</subfield>
    <subfield code="p">004813</subfield>
    <subfield code="r">2019-08-01 00:00:00</subfield>
    <subfield code="w">2019-08-01</subfield>
    <subfield code="y">01</subfield>
  </datafield>
</record>
